Produktový a provozní management
Salvato in:
| Autore principale: | |
|---|---|
| Natura: | Libro |
| Lingua: | ceco |
| Pubblicazione: |
Praha
VŠE v Praze, Nakladatelství Oeconomica
2004
|
| Soggetti: | |
| Tags: |
Nessun Tag, puoi essere il primo ad aggiungerne!!
|
MARC
| LEADER | 00000nam$a2200000$$$4500 | ||
|---|---|---|---|
| 001 | 0036202 | ||
| 005 | 20240223112138.0 | ||
| 020 | |a 80-245-0611-4 | ||
| 041 | 0 | |a cze | |
| 044 | |a CZ | ||
| 245 | 1 | 0 | |a Produktový a provozní management |c Jaromír Veber a kol. |
| 264 | 1 | |a Praha |b VŠE v Praze, Nakladatelství Oeconomica |c 2004 | |
| 300 | |a 153 s. | ||
| 610 | 2 | 0 | |a manažment |
| 610 | 2 | 0 | |a produkty |
| 610 | 2 | 0 | |a prevádzky |
| 610 | 2 | 0 | |a výrobky |
| 610 | 2 | 0 | |a služby |
| 610 | 2 | 0 | |a štandardizácia |
| 610 | 2 | 0 | |a normatívy |
| 610 | 2 | 0 | |a príprava výroby |
| 610 | 2 | 0 | |a riadenie výroby |
| 610 | 2 | 0 | |a logistika |
| 610 | 2 | 0 | |a technika výpočtová |
| 610 | 2 | 0 | |a legislatíva |
| 100 | 1 | |a Veber, Jaromír | |